Environmentálna produktová politika
Gespeichert in:
| 1. Verfasser: | |
|---|---|
| Weitere Verfasser: | , , , |
| Format: | Buch |
| Sprache: | Slowakisch |
| Veröffentlicht: |
Bratislava
Vydavateľstvo EKONÓM
2000
|
| Schlagworte: | |
| Tags: |
Keine Tags, Fügen Sie das erste Tag hinzu!
|
MARC
| LEADER | 00000nam a2200000 4500 | ||
|---|---|---|---|
| 001 | c117210 | ||
| 005 | 20221123132729.1 | ||
| 020 | |a 80-225-1172-2 | ||
| 041 | 0 | |a slo | |
| 044 | |a SK | ||
| 245 | 1 | 0 | |a Environmentálna produktová politika |c Rastislav Strhan, Vojtech Kollár, Igor Kačeňák |
| 264 | 1 | |a Bratislava |b Vydavateľstvo EKONÓM |c 2000 | |
| 300 | |a 220 s. | ||
| 610 | 2 | 0 | |a politika environmentálna |
| 610 | 2 | 0 | |a politika podniková |
| 610 | 2 | 0 | |a politika ekologická |
| 610 | 2 | 0 | |a stratégia podniková |
| 610 | 2 | 0 | |a prostredie životné |
| 610 | 2 | 0 | |a škody |
| 610 | 2 | 0 | |a strata |
| 610 | 2 | 0 | |a marketing |
| 610 | 2 | 0 | |a odpad |
| 610 | 2 | 0 | |a suroviny druhotné |
| 610 | 2 | 0 | |a recyklácia odpadu |
| 610 | 2 | 0 | |a obaly |
| 100 | 1 | |a Strhan, Rastislav, 1968- | |
| 700 | 1 | |a Kollár, Vojtech | |
| 700 | 1 | |a Kačeňák, Igor | |
| 700 | 1 | |a Piatrik, Milan | |
| 700 | 1 | |a Mišúnová, Ema | |